00326nam a22001097a 4500003000400000082001400004100001000018245013900028260000900167300000700176650003300183SGT a617bC24S aSunil aComparison between efficacy of 45 degree turbine handpiece vs conventional motor handpiece in surgical removal of impacted third molar c2024 a83 aOral & maxillofacial surgery